000 00332nam a22001337a 4500
999 _c9200
_d9200
003 OSt
008 201119b ||||| |||| 00| 0 eng d
100 _aKheterpal, S.C.
245 _aPhysical Chemistry Vol-II
250 _a17th ed
260 _aNew Delhi
_bPradeep Publications
_c2019
650 _aB.Sc Non Medical
942 _2ddc
_cBK